[Event "Olympiad-29"]
[Site "Novi Sad"]
[Date "1990.12.01"]
[Round "13"]
[White "Speelman, Jonathan S"]
[Black "Petursson, Margeir"]
[Result "1-0"]
[WhiteElo "2605"]
[BlackElo "2550"]
[Annotator "Speelman,J"]
[PlyCount "88"]
[EventDate "1990.11.17"]
[EventType "team-swiss"]
[EventRounds "14"]
[EventCountry "YUG"]
[SourceTitle "TD"]
[Source "ChessBase"]
[SourceDate "1994.03.01"]
[SourceVersion "1"]
[SourceVersionDate "1994.03.01"]
[SourceQuality "1"]
[WhiteTeam "England"]
[BlackTeam "Iceland"]
[WhiteTeamCountry "ENG"]
[BlackTeamCountry "ISL"]

1. e4 c5 2. Nf3 d6 3. Bb5+ Bd7 4. Bxd7+ Nxd7 5. O-O Ngf6 6. Re1 e6 7. d3 $5 Be7
8. Nbd2 O-O 9. h3 (9. Nf1 Ng4 $5) 9... b5 10. Nf1 c4 $6 (10... Ne5 $10) 11. Ng3
cxd3 12. cxd3 Ne5 13. d4 Nxf3+ 14. Qxf3 d5 15. e5 Nd7 $6 (15... Ne8 $142 $5)
16. Nh5 Kh8 (16... g6 17. Nf4 $14) 17. Qg4 Rg8 18. Bd2 $1 (18. Re3 $2 Rc8 19.
Rf3 Rc4 {P e5}) (18. Be3 $2 Rc8 19. Rac1 Rc4 20. b3 $4 Nxe5) 18... Nb6 (18...
Rc8 19. Rac1 Rc4 20. b3) 19. b3 Rc8 20. Rac1 Ba3 {[#]} 21. Bg5 $1 Rxc1 22. Bxc1
$5 (22. Rxc1 f6 (22... Be7 23. Bxe7) 23. exf6 gxf6 24. Bxf6+ Qxf6 25. Qxg8+
Kxg8 26. Nxf6+ Kf7 27. Rc7+ Kxf6 28. Rxh7) 22... Be7 23. Be3 Nd7 24. Rc1 a5 25.
g3 a4 26. h4 axb3 27. axb3 Qb6 28. Nf4 {P 29. d5} Rd8 29. Nh3 Ra8 30. Ng5 Bxg5
(30... Kg8 31. h5 h6 (31... Bxg5 32. Bxg5 $1) 32. Nxf7 $1 Kxf7 33. Qg6+ Kf8 (
33... Kg8 34. Bxh6 Bf8 35. Bxg7 $1) 34. Bxh6 gxh6 35. Rc3 $1 $18) 31. Qxg5 Kg8
$1 (31... Re8 $2 32. Qe7 $1) 32. Qe7 Qb7 33. Bd2 Rc8 34. Ra1 Nc5 $1 $8 35. Qxb7
Nxb7 36. Bb4 f6 $138 (36... h5 $5) 37. f4 fxe5 $6 38. fxe5 Kf7 $2 39. Ra7 Rc7
40. g4 Kg6 41. Kg2 h5 (41... Rc2+ 42. Kg3 Rb2 43. h5+ Kh6 (43... Kg5 44. Be7+)
44. Rxb7 Rxb3+ 45. Kh4 Rxb4 46. g5#) 42. Kg3 Rf7 $6 (42... Kh7 43. Bd2 {
P g5,b4 <->b7}) 43. Ra6 Rf1 44. Rxe6+ Kf7 (44... Kh7 45. g5 $1 Rg1+ (45... Rd1
46. g6+ Kh6 47. Be7) 46. Kf2 Rg4 47. g6+ Rxg6 48. Rxg6 Kxg6 49. e6 $18) 1-0

[Event "Biel Suri Memorial"]
[Site "Biel"]
[Date "2014.07.14"]
[Round "1"]
[White "Motylev, Alexander"]
[Black "Wojtaszek, Radoslaw"]
[Result "0-1"]
[WhiteElo "2698"]
[BlackElo "2733"]
[Annotator "Szabo,Kr"]
[PlyCount "80"]
[EventDate "2014.07.14"]
[EventType "tourn"]
[EventRounds "10"]
[EventCountry "SUI"]
[EventCategory "19"]
[SourceTitle "CBM 162"]
[Source "ChessBase"]
[SourceDate "2014.09.17"]
[SourceVersion "1"]
[SourceVersionDate "2014.09.17"]
[SourceQuality "1"]

1. e4 c5 2. Nf3 d6 3. Bb5+ Bd7 4. Bxd7+ Qxd7 5. c4 Nf6 6. Nc3 g6 7. d4 cxd4 8.
Nxd4 Bg7 9. b3 {A rare move. First White wants to develop his queenside with
Bb2 and he doesn't want to hurry with 0-0.} (9. f3) ({and} 9. h3 {are more
popular.}) 9... Nc6 10. Bb2 Qg4 (10... O-O {is another line.}) 11. Qxg4 $146 {
A novelty by Motylev.} (11. O-O Qxd1 12. Raxd1 Nxd4 13. Rxd4 O-O 14. Rd2 a6 15.
a4 Rfc8 16. f3 Kf8 17. Nd5 Nxd5 18. Bxg7+ Kxg7 19. Rxd5 {with a nearly equal
endgame, Greet-Le Quang, Beijing blitz 2008.}) 11... Nxg4 12. Nxc6 bxc6 13. h3
Ne5 14. O-O-O Nd7 {A prophylactic move. Black prevents White's f4 and
sometimes the N can go toward c5.} 15. f4 Rg8 $5 {At first sight this is a
very strange move, but Black is simply protecting the g7 B and he is also
avoiding possible tactics after some N moves.} 16. g4 O-O-O 17. h4 {White
tries to gain some space on the kingside. He prepares for h5 and opens the
h-file for his R.} h6 18. g5 $6 {Too aggressive. First White should have been
protecting his position.} ({In the event of} 18. h5 $6 Bf6 19. hxg6 Rxg6 $15 {
and suddenly Black has some unpleasant threats on the kingside.}) (18. Kc2 {
was a natural and safe reply.}) 18... Rh8 $6 {Black returns the favour.} (18...
Nc5 $1 {was more unpleasant for White} 19. Rhe1 (19. b4 Bxc3 20. Bxc3 Nxe4 $15
{with a healthy P up.}) 19... hxg5 20. hxg5 Rh8 $15 {and Black looks nicely
placed.}) 19. e5 $6 {Another inaccuracy.} (19. Kc2 {was easier} Nc5 20. b4 {
and White is safe.}) 19... dxe5 (19... hxg5 $1 {was the most accurate answer,}
20. hxg5 (20. exd6 gxf4 21. dxe7 Rde8 $15) 20... dxe5 21. Ne4 Rdg8 $1 $15 {
Black avoids the pin, now the f4 P is hanging. Black is slightly better.}) 20.
Ne4 Rhg8 ({Even here too} 20... Rdg8 $1 {was the best choice} 21. Ba3 (21. fxe5
Bxe5 $15) 21... Re8 22. Bb2 hxg5 23. fxg5 f5 24. gxf6 Bxf6 {and only Black can
play for the win.}) 21. Rhe1 ({The cool-blooded} 21. Kc2 $5 {was an
interesting reaction} exf4 22. Bxg7 Rxg7 23. gxh6 Rgg8 (23... Rh7 $2 24. Ng5 $1
) 24. h5 gxh5 25. Rxh5 $44 {and thanks to the h6 P White has enough
compensation.}) 21... hxg5 22. Nxg5 ({In the event of} 22. fxg5 Rh8 23. Rh1 Rh7
{is a little bit unpleasant for White.}) 22... Nc5 $1 {A very strong move.
Wojtaszek immediately activates his N and he is threatening Nd3!} 23. Nxf7 Nd3+
24. Kb1 $6 ({The strange} 24. Kc2 {was the tougher} Nxe1+ 25. Rxe1 Rdf8 26.
Nxe5 Bxe5 27. Bxe5 $44 {with some compensation, because the e5 B is very
powerful.}) 24... Rd7 $1 25. fxe5 $6 (25. Re3 Nxb2 26. Rxd7 Kxd7 27. Nxe5+ Bxe5
28. fxe5 Nxc4 29. bxc4 Rh8 30. Re4 Ke6 $15 {and Black has a very comfortable R
endgame.}) 25... Nxe1 26. Rxe1 Rd2 {Black activates his R to the 2nd rank,
which is very unpleanast for White.} 27. Ba3 Rf2 28. e6 (28. Ng5 Rgf8 29. Bxe7
Rf1 $19 {with a winning endgame for Black.}) 28... Bf6 29. Rg1 Re2 $1 30. h5
Rxe6 31. Bc5 Re2 32. hxg6 Rb2+ 33. Kc1 Rxa2 34. Rg4 Kd7 $19 {The K is also
coming. White's position is hopeless.} 35. Be3 Rb8 $1 36. Bd4 Ke6 37. Bxf6 exf6
38. Nh6 f5 39. Rg3 f4 40. Rf3 Rg2 0-1

[Event "Paris FIDE GP"]
[Site "Elancourt"]
[Date "2013.09.28"]
[Round "6"]
[White "Fressinet, Laurent"]
[Black "Gelfand, Boris"]
[Result "1/2-1/2"]
[WhiteElo "2708"]
[BlackElo "2764"]
[Annotator "Szabo,Kr"]
[PlyCount "67"]
[EventDate "2013.09.22"]
[EventType "tourn"]
[EventRounds "11"]
[EventCountry "FRA"]
[EventCategory "20"]
[SourceTitle "CBM 157"]
[Source "ChessBase"]
[SourceDate "2013.11.12"]
[SourceVersion "1"]
[SourceVersionDate "2013.11.12"]
[SourceQuality "1"]

1. e4 c5 2. Nf3 d6 3. Bb5+ Bd7 4. c4 $5 {An interesting move, which is
becoming more and more popular. White doesn't hurry with taking to d7 and he
isn't afraid of the worse structure after Bxb5.} (4. Bxd7+ {is the real main
line with a lot of games.}) 4... Nf6 (4... Bxb5 {was also tried} 5. cxb5 Nf6 6.
Nc3 g6 (6... e6 7. O-O Be7 8. d4 cxd4 9. Nxd4 O-O 10. Qe2 Nbd7 11. Rd1 Rc8 12.
Nb3 Qc7 13. Be3 Nc5 14. Nxc5 dxc5 15. g3 Rfd8 16. Bf4 Qb6 $11 {
Harikrishna-Negi, Germany 2012}) 7. O-O (7. d4 cxd4 8. Qxd4 Bg7 9. e5 Nfd7 10.
Qd5 Qc8 11. Bf4 dxe5 12. Nxe5 O-O 13. O-O e6 14. Qe4 Nxe5 15. Bxe5 Bxe5 16.
Qxe5 Nd7 17. Qd4 Qc7 18. Rac1 Rfd8 19. Rfd1 Qe5 {Ki.Georgiev-Van Kampen,
Skopje 2013; and Black hasn't got any problem.}) 7... Bg7 8. d4 cxd4 9. Nxd4
O-O 10. Re1 Nbd7 11. a4 e6 12. Bg5 a5 (12... h6 {was also interesting} 13. Be3
Ne5 14. Qe2 Rc8 {and Black looks OK}) 13. bxa6 bxa6 14. Nc6 $5 {This move is
the beginning of a strange plan.} Qc7 15. Ne7+ Kh8 16. Rc1 {(Morozevich-Wang
Hao, Beijing 2013)} Qb6 {was the best move and the e7 N gets into trouble.}) (
4... Nc6 5. Nc3 g6 6. d4 cxd4 7. Nxd4 Bg7 8. Nxc6 Bxc6 9. O-O Nf6 10. f3 O-O
11. Be3 Nd7 12. Qd2 Ne5 13. b3 a6 14. Bxc6 bxc6 15. Rad1 Qa5 $5 (15... c5 {
(Karjakin-Ulko, Moscow blitz 2013)} 16. Bh6 $14)) 5. Nc3 Nc6 (5... Bxb5 6. cxb5
{transposes to the 4...Bxb5 line.}) (5... g6 6. O-O Bg7 7. d4 cxd4 8. Nxd4 O-O
9. Bxd7 Qxd7 {Now we have reached the main line, which usually arises from 4.
Bxd7.} 10. b3 $5 (10. f3 {is more common, but White can face it with} Rc8 11.
b3 d5 $1 12. exd5 Nxd5 $1 13. Nxd5 e6 {and Black wins the piece back with an
equal position}) 10... Nc6 11. Bb2 a6 12. Nxc6 bxc6 {was more accurate} (12...
Qxc6 $6 13. Nd5 $1 Nxd5 14. exd5 Qc5 15. Bxg7 Kxg7 16. Re1 Rfe8 17. Qd2 {
Bacrot-Giri, Emsdetten 2013; and White was slightly better, later he managed
to win.}) 13. Qd2 (13. Re1 Qc7) 13... Qc7 14. Rad1 Rfd8 {and Black can hold
the position.}) 6. d4 cxd4 7. Nxd4 g6 {A Maroczy Bind structure has arisen
with a B on b5 instead of e2.} 8. h3 Nxd4 9. Bxd7+ Qxd7 10. Qxd4 Bg7 {After
the exchange of the light-squared B Black has better equalising chances than
in the normal Maroczy Bind.} 11. O-O (11. Be3 O-O 12. Qd3 Qc6 13. Bd4 Nd7 14.
Nd5 Rfe8 15. Bxg7 Kxg7 16. Qd4+ {1/2 Vedmediuc-G.Szabo, Bucharest 2012}) 11...
O-O 12. Qd3 Qc6 13. Re1 $146 {The first novelty, but Black could equalise in
this case too.} (13. Bg5 Rfc8 14. Nd5 Nxd5 15. cxd5 Qb6 (15... Qd7 16. Qb3 Be5
17. Rac1 Rxc1 18. Rxc1 Rc8 19. Rxc8+ {1/2 Obertin-Castro Salguero, corr 2012})
16. Bxe7 Rc7 17. Bg5 Qxb2 18. Bf4 Rd8 19. Rac1 Rxc1 20. Rxc1 Qxa2 21. Rc7 Qa5
$132 {Zmokly-Sadowski, corr 2009}) 13... Rac8 14. b3 Nxe4 $1 15. Nd5 $1 Rfe8
16. Rxe4 e6 $1 {A very good cool-blooded defending move.} (16... Bxa1 $2 {
is bad, as} 17. Rxe7 $1 ({but not} 17. Nxe7+ $6 Rxe7 18. Rxe7 b5 $132) 17...
Bg7 18. Bg5 $16 {and White has a huge initiative for the exchange. White will
exchange the g7 B and after that the dark squares become very weak.}) 17. Rb1
exd5 18. cxd5 Qd7 $11 {Gelfand has equalised, the rest is easy.} 19. Be3 Rxe4
20. Qxe4 a6 21. Rc1 Rxc1+ 22. Bxc1 Be5 23. Be3 h5 24. a4 Qc8 25. Qc4 Qf5 26.
Kf1 b5 {Black forced the draw with this sacrifice.} 27. axb5 axb5 28. Qxb5 Qb1+
29. Ke2 Qc2+ 30. Bd2 Qe4+ 31. Kf1 Qb1+ 32. Ke2 Qe4+ 33. Kf1 Qb1+ 34. Ke2 {
and perpetual checks. A very interesting theoretical game.} 1/2-1/2

[Event "Biel GM 50th"]
[Site "Biel"]
[Date "2017.07.27"]
[Round "4"]
[White "Bacrot, Etienne"]
[Black "Morozevich, Alexander"]
[Result "1-0"]
[WhiteElo "2715"]
[BlackElo "2675"]
[Annotator "Szabo,Kr"]
[PlyCount "79"]
[EventDate "2017.07.24"]
[EventType "tourn"]
[EventRounds "9"]
[EventCountry "SUI"]
[EventCategory "16"]
[SourceTitle "CBM 180"]
[Source "ChessBase"]
[SourceDate "2017.09.13"]
[SourceVersion "1"]
[SourceVersionDate "2017.09.13"]
[SourceQuality "1"]

1. e4 c5 2. Nf3 d6 3. Bb5+ Bd7 4. Bxd7+ Qxd7 5. c4 Nc6 6. Nc3 g6 7. d4 cxd4 8.
Nxd4 Bg7 9. Be3 Nf6 10. f3 (10. h3 {is the other line, but the text move is
the most popular.}) 10... O-O 11. O-O a6 (11... Rfc8) ({and} 11... Rac8 {
are also common.}) 12. Qd3 {A rare move.} (12. a4 {is the main continuation.})
12... Ne5 13. Qe2 e6 $146 {A novelty by Morozevich. This is a typical move;
Black is playing for ...d5.} ({If} 13... Rac8 14. b3 b5 15. Nd5 Nxd5 16. cxd5
e6 17. dxe6 fxe6 18. Rac1 Rxc1 19. Rxc1 Rc8 $11 {Safarli-Areshchenko,
Reykjavik 2015, and probably Black can equalise.}) 14. Rac1 Rfc8 15. b3 d5 $6 {
This break-through is Black's main idea, but here it is an inaccuracy.} (15...
Qd8 {was more solid to prepare for ...Qa5.}) 16. f4 $1 {The correct reply!
White doesn't exchange in the centre immediately, because Black equalises in
that case. White wants to force an isolated pawn on d5.} Neg4 17. e5 Nxe3 18.
Qxe3 Ng4 19. Qe2 dxc4 20. Rfd1 $1 h5 21. h3 Nh6 22. bxc4 {The previous moves
were forced enough.} ({Here still} 22. Nf5 $5 {was an interesting option,} Qc7
23. Nd6 Rd8 24. bxc4 $36 {followed by Nce4 and White looks nicely placed.})
22... Qc7 23. Ne4 Rd8 24. g4 $5 {A brave move, because White opens his king
position, however he avoided ...Nf5.} hxg4 25. hxg4 Rd7 26. c5 $1 {White has
gained some space, the knight will be very strong on d6.} Rd5 ({Probably} 26...
Qd8 $1 {was a better practical chance, because he prepares for ...Qh4 to
create some counterplay against the white king. Nevertheless} 27. Nb3 ({but not
} 27. Nd6 Qh4 $1 $132) 27... Rxd1+ 28. Rxd1 Qh4 29. Kg2 $1 Rc8 (29... Qxg4+ 30.
Qxg4 Nxg4 31. Kf3 $16 {is also better for White.}) 30. Nf2 $16 {and White is
safe.}) 27. g5 Nf5 28. Nxf5 Rxd1+ 29. Qxd1 ({Of course} 29. Rxd1 $2 {is bad,
because the c5-pawn will be hanging.} exf5 30. Nf6+ Bxf6 31. gxf6 Qxc5+ $15)
29... gxf5 $6 {Loses immediately, but Black's position was already difficult.}
(29... exf5 30. Nd6 $16 {and White dominates the board.} (30. Nf6+ $2 {is bad
now, as} Bxf6 31. gxf6 Rd8 $17 {and suddenly Black is better.})) 30. Nf6+ Bxf6
31. gxf6 Qd8 32. Qd6 $1 {Another strong reply!} Rc8 (32... Qxd6 33. cxd6 $18 {
leaves Black no hope and is followed by Rc7.}) 33. Rc2 Kh7 34. Rh2+ Kg6 35.
Rg2+ Kh6 36. Kh2 Kh5 37. Rg7 Kh4 38. Kg2 a5 39. Kf3 Qh8 40. Qd2 {A nice
victory by Bacrot!} 1-0

[Event "Rishon Le Ziyyon 9798"]
[Site "Rishon Le Ziyyon"]
[Date "1998.02.16"]
[Round "3"]
[White "Finkel, Alexander"]
[Black "Tyomkin, Dimitri"]
[Result "1/2-1/2"]
[WhiteElo "2470"]
[BlackElo "2390"]
[Annotator "Tyomkin,D"]
[PlyCount "46"]
[EventDate "1997.12.25"]
[EventType "swiss"]
[EventRounds "9"]
[EventCountry "ISR"]
[SourceTitle "CBM 063"]
[Source "ChessBase"]
[SourceDate "1998.03.26"]
[SourceVersion "1"]
[SourceVersionDate "1998.03.26"]
[SourceQuality "1"]

1. e4 c5 2. Nf3 d6 3. Bb5+ Bd7 4. Bxd7+ Qxd7 5. O-O Nc6 6. d4 cxd4 7. Nxd4 Nf6
8. Nc3 {Of course,white can't get an advantage this way,but he deviates from
theoretical lines.} e6 (8... g6 $5 9. Nf3 Bg7 10. Qe2 O-O 11. Nd5 Rfc8 $11) 9.
f4 (9. Nb3 Be7 10. Be3 O-O 11. f4 b5 12. e5 dxe5 13. Nxb5 Qxd1 14. Raxd1 Nd5
15. Bc1 a6 16. Nc3 Nxc3 17. bxc3 Rfd8 18. fxe5 Nxe5 19. Bf4 Nc4 $15 {Lorenz,
S-Szekely,P/Berlin op 1988/1/2-1/2(34)}) (9. Bg5 {Tyomkin,D} Be7 10. Re1 (10.
Nxc6 Qxc6 11. Qd4 h6 12. Bh4 O-O 13. Rad1 Rfd8 14. Rd3 a6 15. Kh1 Rac8 16. f4
b5 $15 {Szopieraj,D-Shipov,S/Katowice op 1993/0-1(40)}) 10... O-O 11. Nxc6 Qxc6
(11... bxc6 $6 12. e5) 12. Qd3 Rfd8 13. Qb5 $11 {Veselovsky,S-Dragomarezkij,E/
Moscow op 1989/1/2-1/2(20)}) (9. Nf3 Be7 10. Bf4 O-O 11. Qe2 a6 12. Rad1 Qc7
13. e5 dxe5 14. Nxe5 Nxe5 15. Bxe5 Qc6 16. Rd3 Rfd8 {1/2-1/2 Gizynski,T-Gralka,
J/POL-chT (Lubniewice) 1993}) 9... Be7 10. Kh1 (10. Nf3 Qc7 11. Kh1 a6 12. f5
O-O 13. Bf4 exf5 14. exf5 Qa5 15. Nd4 Nxd4 16. Qxd4 Qxf5 $11 {Galego,
L-Estremera Panos,S/Cordoba op 1994/1/2-1/2(34)}) 10... O-O (10... Nxd4 $5 11.
Qxd4 O-O 12. Be3 Qc6 $11) 11. Be3 {The game transfered to Scheveningen
structure with no light-square bishops which leaves black without any opening
problems.d6-d5 break is available any time with equality.} Rac8 $146 (11... a6
{Tyomkin,D} 12. Qf3 Nxd4 13. Bxd4 b5 14. Rad1 Qb7 $6 (14... Qc6 $142 {[%cal
Gc6d6]}) 15. e5 $6 (15. Bxf6 $5 Bxf6 (15... gxf6 16. f5) 16. Rxd6 Bxc3 17. bxc3
) 15... Qxf3 16. Rxf3 dxe5 17. fxe5 Nd7 $15 {Montes de Oca,J-Bielicki,C/Villa
Ballester op 1996/1/2-1/2(35)}) 12. Qf3 Nxd4 13. Bxd4 b5 $5 {This active move
shows that black plays for a win.} (13... Qc6 14. Bxa7 $6 b6 15. e5 Qxf3 16.
Rxf3 dxe5 17. fxe5 Nd7) 14. a3 a5 15. Rad1 $1 {[%cal Re4e5]} (15. Qd3 b4 (15...
Qc6 $5 16. e5 Nd5) 16. axb4 axb4 17. Nb5 {[%cal Ga1a7]} (17. Ra7 Rc7 18. Rxc7
Qxc7 19. Nb5 Qc6) 17... Rb8 (17... Nxe4 $2 18. Ra7 Qe8 19. Rxe7) 18. Nxd6 Qxd6
19. e5 Qd8 20. exf6 Bxf6) 15... b4 16. e5 bxc3 17. exf6 Bxf6 18. Bxf6 gxf6 19.
b3 (19. Rd3 {[%cal Gf3g4,Gg4h4,Yd3h3]} Qb5 $1 (19... cxb2 20. Qg4+ Kh8 21. Qh4
Rg8 22. Qxf6+ Rg7 23. Rg3 Rcg8 24. Qxb2 $36) 20. a4 $1 Qxb2 21. Qg4+ Kh8 22.
Qh4 Rg8 23. Qxf6+ Rg7 24. Rg3 Rcg8 25. Rxg7 Rxg7 26. Qd8+ $11) 19... Kh8 {
[%cal Gf8g8]} 20. f5 Rc5 $1 (20... e5 $2 21. Qd5 $16 {[%csl Rc3,Rd6]}) 21. Qg3
{[%csl Rd6][%cal Gg3h4]} (21. Qe3 {[%cal Re3c5]} Qe7 22. Qh6 Rxf5) 21... Rg8 $1
22. Qh4 (22. Rxd6 Qb7 23. Qh3 Re5 $36 {[%cal Ge5e2]}) (22. Qxd6 Qb7 23. Rf3
Rxf5) 22... Rg5 {Suddenly the pair of black rooks controls all the board from
the 5th rank.} 23. fxe6 Qxe6 {Because of mutual time-trouble draw was agreed.
Active position of black pieces compensates the weekness of black pawns.During
the game I couldn't evaluate this position,but in the analyse after the game
it became clear that black has better chances.} (23... Qxe6 24. Qh6 (24. Qd4
Rgd5) (24. h3 $142 $15) 24... Rce5 {[%cal Ge5e2]} 25. Qf8+ (25. Qxf6+ Qxf6 26.
Rxf6 Re2 $17) 25... Rg8 26. Qxd6 Qxd6 27. Rxd6 Re2 28. g3 {[%tqu "En","","","",
"e2c2","",10]} Rxc2 29. Rdxf6 Rc8 $1 $17 (29... Rd2 30. Rxf7 Rc8 31. Rc1 c2 32.
Kg1 Rcd8 $19) (29... Rb2 30. Rc6 (30. Rxf7 Rc8 $17) 30... c2 (30... Rxb3 31.
Rxf7 {[%cal Gc6c7]}) 31. Rc1 Rxb3 32. R1xc2 Rxa3 33. Rc7 {and this position is
draw about.})) 1/2-1/2